| 000 | 00537nam a2200181Ia 4500 | ||
|---|---|---|---|
| 003 | GCL | ||
| 008 | 140319s9999 xx 000 0 eng d | ||
| 040 |
_aGCL / _cGCL |
||
| 082 | 0 | 4 |
_a305.235 _bI Y |
| 100 | 1 | _aJAN MONTASSIR | |
| 245 | 1 | 0 |
_aYOUTH BUILDING THE FUTURE CONFERENCE JULY 10 - 16, 1990 CAIRO - EGYPT / _cJAN MONTASSIR |
| 700 | 1 | _aCONFERENCE PROCEEDINGS | |
| 260 |
_a[S.N] : _bTHE AMERICAN UNIVERSITY IN CAIRO PRESS ، _c1991 |
||
| 300 | _a117 PP | ||
| 650 | 0 | 4 | _aCONFERENCE PROCEEDINGS |
| 650 | 0 | 4 | _aYOUTH |
| 942 |
_2ddc _cBK |
||
| 999 |
_c18970 _d18970 |
||